| 000 | 00427nam a2200157 4500 | ||
|---|---|---|---|
| 001 | 122798 | ||
| 003 | ES-MaACL | ||
| 005 | 20230906192038.0 | ||
| 007 | t| | ||
| 008 | 070214s1973 sp r ||||1| spa d | ||
| 100 | 1 |
_aPujals, Esteban. _994322 |
|
| 245 | 1 | 3 |
_aLa poesÃa inglesa del siglo XX / _cEsteban Pujals. |
| 260 |
_aBarcelona : _bPlaneta, _c1973. |
||
| 300 |
_a254 p. ; _c22 cm. |
||
| 852 |
_aES-MaACL _jC-50272 _bR.85080 |
||
| 999 |
_c122798 _d122798 |
||